| 000 | 00730cab a2200229 4500 | ||
|---|---|---|---|
| 001 | WB2437-02 | ||
| 008 | 090401t1998 xxu||||| |||| 00| 0 eng d | ||
| 035 | _a(Sirsi) u25086 | ||
| 041 | _aeng | ||
| 245 | _aFarm building awards scheme | ||
| 260 | _c1998 | ||
| 350 | _a0 | ||
| 490 |
_aWestern Mail _v14/9/988 p18 |
||
| 520 | _aNews of the CLA `s eleventh biennial architectural award scheme for farm buildings , to be held in 1989. Entries may include new development and redundant buildings which have been converted to commercial use. | ||
| 650 | _aALTERNATIVE USES | ||
| 650 | _aCONSERVATION | ||
| 650 | _aCONVERSION | ||
| 650 | _aDIVERSIFICATION | ||
| 690 | _aRURAL PRACTICE | ||
| 942 | _n0 | ||
| 948 | _c04/03/1997 | ||
| 999 |
_c16825 _d16825 |
||